El diseño universal para el aprendizaje. Guía práctica para el profesorado.

Guardat en:
Dades bibliogràfiques
Autor principal: Sánchez Fuentes, Sergio (autor)
Altres autors: Echeita Sarrionandia, Gerardo (prólogo)
Format: Desconegut
Idioma:anglès
Publicat: Madrid, España: Narcea, 2023.
Col·lecció:Colección Educación Hoy;
Matèries:
Etiquetes: Afegir etiqueta
Sense etiquetes, Sigues el primer a etiquetar aquest registre!

MARC

LEADER 00000 a2200000 4500
003 CL-VaPUC
005 20240503131300.0
008 240418t2023 ||||| |||| 00| 0 eng d
999 |c 443525  |d 443523 
020 |a 978-84-277-2992-6 
040 |c Pontificia Universidad Católica de Valparaíso 
082 0 4 |2 22  |a 371.9046 SAN 2023 
100 1 |a Sánchez Fuentes, Sergio  |e autor  |9 888394 
245 1 3 |a El diseño universal para el aprendizaje.   |b Guía práctica para el profesorado. 
260 |a Madrid, España:  |b Narcea,  |c 2023. 
300 |a 123 páginas 
490 0 |a Colección Educación Hoy;  |n 236 
583 |k GC  |c 20240418 
650 1 |a Educación inclusiva  |9 560584 
650 1 |a Integración escolar  |9 312238 
650 1 |a Métodos de enseñanza  |9 270413 
650 1 |a Formación profesional de profesores  |9 307493 
700 |a Echeita Sarrionandia, Gerardo  |e prólogo  |9 888421 
942 |2 ddc  |c BK 
952 |0 0  |1 0  |2 ddc  |4 0  |6 371_904600000000000_SAN_2023  |7 0  |8 A  |9 594115  |a BIBHIS  |b BIBHIS  |d 2024-04-17  |e 36  |g 16885.00  |i 5660761  |l 5  |m 2  |o  371.9046 SAN 2023  |p 5660761  |q 2025-05-29  |r 2025-03-18  |s 2025-03-18  |t 1  |v 16885.00  |w 2024-04-17  |y BK  |k HIS